Global economic crisis (Record no. 141953)

MARC details
000 -LEADER
fixed length control field 00848nam a2200265Ia 4500
003 - CONTROL NUMBER IDENTIFIER
control field OSt
005 - DATE AND TIME OF LATEST TRANSACTION
control field 20220918171932.0
008 - FIXED-LENGTH DATA ELEMENTS--GENERAL INFORMATION
fixed length control field 220917b |||||||| |||| 00| 0 eng d
020 ## - INTERNATIONAL STANDARD BOOK NUMBER
International Standard Book Number 9788189654696 (hbk)
037 ## - SOURCE OF ACQUISITION
Terms of availability Textual
040 ## - CATALOGING SOURCE
Original cataloging agency ARTS
Transcribing agency ARTS
Language of cataloging eng
041 ## - LANGUAGE CODE
Source of code eng
Language code of text/sound track or separate title eng
110 ## - MAIN ENTRY--CORPORATE NAME
Corporate name or jurisdiction name as entry element Indian Political Economy Association
9 (RLIN) 39452
245 #0 - TITLE STATEMENT
Title Global economic crisis
Remainder of title A people's perspective
260 ## - PUBLICATION, DISTRIBUTION, ETC.
Place of publication, distribution, etc. New Delhi
Name of publisher, distributor, etc. Daanish Books India
Date of publication, distribution, etc. 2009
300 ## - PHYSICAL DESCRIPTION
Extent x,257p.
Dimensions cm.
650 ## - SUBJECT ADDED ENTRY--TOPICAL TERM
Topical term or geographic name entry element ECONOMICS
700 ## - ADDED ENTRY--PERSONAL NAME
Personal name Indian Political Economy Association
9 (RLIN) 39453
942 ## - ADDED ENTRY ELEMENTS (KOHA)
Classification part X.1.P08, P9
Koha item type Textual
Source of classification or shelving scheme Colon Classification (CC)
Holdings
Withdrawn status Lost status Damaged status Not for loan Home library Current library Date acquired Source of acquisition Cost, normal purchase price Total Checkouts Full call number Barcode Date last seen Cost, replacement price Price effective from Koha item type
        Arts Library Arts Library 2022-09-18 005, 02/09/2009, Independent Publishers Group 450.00   X.1.P08 P9 AL1294320 2022-09-18 450.00 2022-09-18 Textual
Copyright @ Delhi University Library System